00463nam a2200157Ia 4500008004100000020001000041040001900051041001200070082001800082245010000100260002900200300002100229650002300250700002200273850001000295131103s9999 xx 000 0 und d cRs.20 aLoreto College aEnglish aF/LEAbLCLIB/ aNative Realmb a search for self - defination ctranslated from the polish by Catherine S.Leach aLondonbRupa & Co.c1982 a300 p. c 18 cm. aFiction in English aLeach,S.Catherine aLCLIB